000 00256 a2200109 4500
001 62883
082 _a515.624STR
100 _aStrang G
245 _aAnalysis of the Finite Element Method
250 _a1
260 _aNY
_bDover Publications Inc
_c1977
942 _aNUST-CAE
_k515.624STR
999 _c297956
_d297956